| 000 | 01802nam0a2200325 i 4500 | ||
|---|---|---|---|
| 001 | RU\NLR\BIBL_A\010796005 | ||
| 005 | 20241103230533.0 | ||
| 010 |
_a9785905810619 _9500 |
||
| 021 |
_aRU _b2015-40442 _92407 |
||
| 035 | _a(NILC)RuMoRGB-007944007 | ||
| 035 | _a(NLR Aleph) 010796005 | ||
| 090 |
_a10136895 _c10136895 |
||
| 100 | _a20150702d2015 u y0rusy50 ca | ||
| 101 | 0 | _arus | |
| 102 | _aRU | ||
| 105 | _aa|||z||||||y| | ||
| 200 | 1 |
_aЧесть имеем! _e[о 10-й Отдельной армии противовоздушной обороны] _eсборник статей] _fСовет ветеранов Архангельского отд-ния межрегиональной общественной орг. "Союз ветеранов войск ПВО" _g[редкол.: Карнавина В. П. - гл. ред., сост.] |
|
| 210 |
_aАрхангельск _cЛоция _d2015 |
||
| 215 |
_a285, [2] с. _cил., портр. _d25 |
||
| 601 | 0 | 2 |
_aОтдельная армия противовоздушной обороны _c10 _jСборники _xИстория _92405339 _3RU\NLR\AUTH\661433526 |
| 686 | 1 | _aЦ64,6(2)0-13,013я43 | |
| 702 | 1 |
_aКарнавина _bВ. П. _4340 _4220 |
|
| 712 | 0 | 2 |
_4570 _a"Союз ветеранов войск ПВО", межрегиональная общественная организация _bАрхангельское отделение _bСовет ветеранов _9475826 _3RU\NLR\AUTH\880404393 |
| 801 | 0 |
_aRU _bРГБ _c20150602 _gRCR |
|
| 801 | 2 |
_aRU _bРГБ _c20150616 _grcr |
|
| 801 | 1 |
_aRU _bРГБ _c20150602 _2rusmarc |
|
| 942 | _cBOOK | ||
| 980 | _aNBR | ||